书目信息 |
| 题名: |
农作物重大病虫害监测预警工作年报
|
|
| 作者: | 刘万才 主编 ;全国农业技术推广中心 编 | |
| 分册: | 2017 | |
| 出版信息: | 北京 中国农业出版社 2018 |
|
| 页数: | 132页 | |
| 开本: | 30cm | |
| 丛书名: | ||
| 单 册: | ||
| 中图分类: | S431-54 | |
| 科图分类: | ||
| 主题词: | 作物--病虫害预测预报--中国--2017--年报 | |
| 电子资源: | ||
| ISBN: | 978-7-109-24609-6 | |
| 000 | 01126nam0 2200253 450 | |
| 001 | 012001000185 | |
| 005 | 20191107170810.06 | |
| 010 | @a978-7-109-24609-6@dCNY88.00 | |
| 100 | @a20181129d2018 em y0chiy50 ea | |
| 101 | 0 | @achi |
| 102 | @aCN@b110000 | |
| 105 | @aa z 000yy | |
| 106 | @ar | |
| 200 | 1 | @a农作物重大病虫害监测预警工作年报@Anong zuo wu zhong da bing chong hai jian ce yu jing gong zuo nian bao@h2017@f全国农业技术推广中心[编] |
| 210 | @a北京@c中国农业出版社@d2018 | |
| 215 | @a132页@c彩照@d30cm | |
| 314 | @a主编:刘万才 | |
| 330 | @a本书为2017年农作物重大病虫害监测预警工作年报,汇集了全国农业技术推广服务中心测报处2015年全国主要农作物病虫害预测预报及发生实况的有关资料,内容包括全国重大病虫害发生实况与原因分析、全国重大病虫害趋势预报与预报评估、重大测报技术研究项目年度进展、2017年全国病虫测报工作大事记等。 | |
| 606 | 0 | @a作物@x病虫害预测预报@y中国@z2017@j年报 |
| 690 | @aS431-54@v5 | |
| 701 | 0 | @a刘万才@Aliu wan cai@4主编 |
| 712 | 02 | @a全国农业技术推广中心@Aquan guo nong ye ji shu tui guang zhong xin@4编 |
| 801 | 0 | @aCN@b北京卓展文化@c20191020 |
| 905 | @b1195627-9@dS431-54@e151(2017)@f3 | |
| 农作物重大病虫害监测预警工作年报.2017/全国农业技术推广中心[编].-北京:中国农业出版社,2018 |
| 132页:彩照;30cm |
| ISBN 978-7-109-24609-6:CNY88.00 |
| 本书为2017年农作物重大病虫害监测预警工作年报,汇集了全国农业技术推广服务中心测报处2015年全国主要农作物病虫害预测预报及发生实况的有关资料,内容包括全国重大病虫害发生实况与原因分析、全国重大病虫害趋势预报与预报评估、重大测报技术研究项目年度进展、2017年全国病虫测报工作大事记等。 |
| ● |
| 相关链接 |
|
|
|
|
正题名:农作物重大病虫害监测预警工作年报
索取号:S431-54/151(2017)
 
预约/预借
| 序号 | 登录号 | 条形码 | 馆藏地/架位号 | 状态 | 备注 |
| 1 | 1195627 | 211956276 | 第二样本阅览室/ [索取号:S431-54/151(2017)] | 在馆 | |
| 2 | 1195628 | 211956285 | 第三借阅区/ [索取号:S431-54/151(2017)] | 在馆 | |
| 3 | 1195629 | 211956294 | 第三借阅区/ [索取号:S431-54/151(2017)] | 在馆 |